| 000 | 01585cam a22003611i 4500 | ||
|---|---|---|---|
| 001 | gs 06000752 | ||
| 003 | DLC | ||
| 005 | 20260227111304.0 | ||
| 008 | 790301s1906 dcuabf b f001 0 eng | ||
| 010 | _ags 06000752 | ||
| 035 | _a(OCoLC)4701936 | ||
| 040 |
_aDLC _cICharE _dDLC |
||
| 043 | _an-us-ak | ||
| 050 | 0 | 0 |
_aQE75 _b.B9 no 278 |
| 051 |
_aQE83 _b.C72 |
||
| 100 | 1 |
_aCollier, Arthur J. _q(Arthur James), _d1866-1939. |
|
| 245 | 1 | 0 |
_aGeology and coal resources of the Cape Lisburne region, Alaska / _cby Arthur J. Collier. |
| 260 |
_aWashington, _bGovt. Print. Off., _c1906. |
||
| 300 |
_a54, x p. : _bill., ix pl. (incl. double maps) _c24 cm. |
||
| 490 | 1 |
_aU.S. Geological survey. Bulletin _vno. 278 |
|
| 500 | _aSubject series: A, Economic geology, 66; B, Descriptive geology, 82. | ||
| 500 | _a"An abstract of this report has already appeared in the Report on progress of investigations of mineral resources of Alaska in 1904; Bulletin U.S. Geological survey, no. 259, 1905." | ||
| 500 | _aIssued also as House doc no. 826, 59th Cong., 1st sess. | ||
| 500 | _aBibliographical footnotes. | ||
| 500 | _aGeological survey publications on Alaska" : pl vi-x. | ||
| 500 | _a"Report on fossil plants, by David White" : p. 22. | ||
| 500 | _a"Report on fossil invertebrates, by G. H. Girty" : p. 22-26. | ||
| 500 | _a"Report on Mesozoic fossil plants, by F. H. Knowlton" p. 29-30. | ||
| 500 | _aIncludes index. | ||
| 650 | 0 |
_aGeology _zAlaska _zCape Lisburne. |
|
| 650 | 0 |
_aCoal _zAlaska _zCape Lisburne. |
|
| 810 | 2 |
_aGeological Survey (U.S.). _tBulletin ; _vno. 278. |
|
| 999 |
_c24467 _d24467 |
||